Préfectures de France : Moulins - Statistiques

Statistiques générales
  • Ce quiz a été pris 44 fois
  • Le résultat moyen est 15 sur 41
Statistiques - réponses
Question Réponse % Correct
Quel numéro porte celui-ci ? 03
100%
De quel département est-ce la préfecture ? Allier
100%
Comment se nomment ses habitants ? Moulinois | Moulinoise
93%
Quelles sont les sous-préfectures qui en dépendent ? Vichy
93%
A quelle région administrative appartenait-elle auparavant ? Auvergne
90%
A quelle région administrative appartient la ville depuis 2015 ? Auvergne-Rhône-Alpes
90%
Quelles sont les sous-préfectures qui en dépendent ? Montluçon
90%
C'est la capitale historique de la province du Bourbonnais
88%
La ville appartient à l'académie de Clermont-Ferrand
88%
Les communes limitrophes sont Yzeure
80%
Les communes limitrophes sont Avermes
78%
Les couleurs de fond de son blason sont le/l' bleu
70%
Brioche salée spécialité locale Pompe aux {grattons}
65%
Les communes limitrophes sont Neuvy
63%
La ville était autrefois une étape importante sur la Nationale 7
58%
Les communes limitrophes sont Bressolles
53%
Les communes limitrophes sont Toulon-sur-Allier
50%
Sa cathédrale est dédiée à Notre-Dame | Vierge
30%
Ville européenne jumelée avec la ville (2 possibles) Bad Vilbel | Montepulciano
23%
La ville est desservie par l'autoroute A71
20%
La ville est desservie par l'autoroute A77
18%
Les couleurs de fond de son blason sont le/l' argent
13%
La ville a longtemps appartenu au diocèse de/d' Autun
13%
Ordres religieux présents autrefois dans la ville Templiers
10%
Ordres religieux présents autrefois dans la ville Carmélites
5%
La gare a été mise en service en 1853
3%
La ville est édifiée aux limites du Bassin parisien
3%
La ville est édifiée aux limites du Massif central
3%
Ordres religieux présents autrefois dans la ville Minimes
3%
Ordres religieux présents autrefois dans la ville Ursulines
3%
Ordres religieux présents autrefois dans la ville Visitandines
3%
Ordres religieux présents autrefois dans la ville Augustins
0%
Ordres religieux présents autrefois dans la ville Bernardines
0%
Ordres religieux présents autrefois dans la ville Capucins
0%
Ordres religieux présents autrefois dans la ville Carmes
0%
Ordres religieux présents autrefois dans la ville Chartreux
0%
Ordres religieux présents autrefois dans la ville Clarisses
0%
Ordres religieux présents autrefois dans la ville Filles de la {Croix}
0%
Ordres religieux présents autrefois dans la ville Jacobins
0%
Pâté aux pommes de terre appelé Pompe à la {tarfouffe}
0%
La ville possède le label Ville d'art et d'histoire
0%
Aucun quiz correspondant
Distribution des résultats
% des personnes avec chaque résultat
Percentile par nombre de réponses
Votre historique - résultats
Vous n’avez pas pris ce quiz